Lives : an anthropological approach to biography /

Bibliographic Details
Main Author: Langness, L. L. (Lewis L.), 1929-
Other Authors: Frank, Gelya, 1948-
Format: Book
Language:English
Published: Novato, Calif. : Chandler & Sharp Publishers, [1981]
Series:Chandler & Sharp publications in anthropology and related fields.
Subjects:

MARC

Tag First Indicator Second Indicator Subfields
LEADER 00000pam a2200000 a 4500
001 in00000091720
005 20150923131759.0
008 810910s1981 cau b 00110 eng
010 |a  81015460  
020 |a 0883165422 (pbk.) 
035 |a (OCoLC)07814329 
035 |9 AAK7052AM 
039 0 |a 2  |b 3  |c 3  |d 3  |e 3 
040 |a DLC  |c DLC  |d TXA  |d UtOrBLW 
049 |a TXAM  |c [1633294] 
050 0 0 |a GN346.6  |b  L36 
082 0 |a 920  |2 19 
100 1 |a Langness, L. L.  |q (Lewis L.),  |d 1929- 
245 1 0 |a Lives :  |b an anthropological approach to biography /  |c L.L. Langness, Gelya Frank. 
264 1 |a Novato, Calif. :  |b Chandler & Sharp Publishers,  |c [1981] 
264 4 |c ©1981 
300 |a viii, 221 pages ;  |c 23 cm. 
336 |a text  |b txt  |2 rdacontent 
337 |a unmediated  |b n  |2 rdamedia 
338 |a volume  |b nc  |2 rdacarrier 
490 1 |a Chandler & Sharp publications in anthropology and related fields 
500 |a Includes index. 
504 |a Bibliography: pages 157-207. 
650 0 |a Biography. 
650 0 |a Anthropology  |x Methodology. 
700 1 |a Frank, Gelya,  |d 1948- 
830 0 |a Chandler & Sharp publications in anthropology and related fields. 
999 |a MARS 
999 f f |s 73974407-5e4e-3ffc-80ee-5aa60ea9ac1b  |i 2ad10624-4a21-3528-8fe5-3364d30b30b0  |t 0 
952 f f |p ric  |a Texas A&M University  |b Rellis Campus  |c Joint Library Facility  |d Remote Storage  |t 0  |e GN346.6 L36  |h Library of Congress classification  |i unmediated -- volume  |m A14806003786 
998 f f |a GN346.6 L36  |t 0  |l Remote Storage